000 00381 a2200169 4500
001 184976
020 _a85-322-1190-9
040 _cMagnum
100 _aPortes, Maximiano Marxs de Figueiredo
240 1 0 _aQue febre de mosquito!
_lpor
245 1 0 _aQue febre de mosquito!
300 _a12
362 0 _a2001
440 1 _aFTD
697 _aLITERATURA INFANTIL
942 _cBK
999 _c184976
_d184976